01272nam a2200313Ia 4500003001000000005001700010007000300027008004100030020002900071040003500100041000800135082001700143100002100160245009700181250001800278264003900296300006800335336002700403337003300430338002800463490003800491500005500529505015800584650004600742650003700788650003500825650004500860700005300905CO-BoRNBP20250605103502.0ta180109s9999 xx 000 0 und d a9788427223752\8427223757 aCO-BoRNBPbspaerdacCO-BoRNBP aspa0 aR 595.7 M68m1 aMound, Laurence,10a1.001 datos sobre insectos /cpor Laurence Mound y Steve Brooks ; traducción Juan Salvador a1a. edición 1aBarcelona :bEditorial Molino;2003 a160 páginas :bilustraciones, fotografías en color ;c17 cm atextobtxt2rdacontent asin mediaciónbn2rdamedia avolumenbnc2rdacarrier0 aSuperenciclopedia de bolsillo ; 5 aIncluye glosario e índice de nombres en latín.0 aIntroducción a los insectos Bosques templados Prados y páramos Lagos y ríos Selvas tropicales Desiertos, cuevas y suelos Ciudades y jardines.04aInsectos Domesticos - Enciclopedias2LEMB04aAntropodos - Enciclopedias2LEMB04aInsectos - Enciclopedias2LEMB04aInsectos Acuaticos - Enciclopedias2LEMB1 aBrooks, Steve, autor \ Salvador, Juan, traductor